<?xml version="1.0" encoding="UTF-8"?><?xml-stylesheet type="text/xsl" href="static/style.xsl"?><OAI-PMH xmlns="http://www.openarchives.org/OAI/2.0/" xmlns:xsi="http://www.w3.org/2001/XMLSchema-instance" xsi:schemaLocation="http://www.openarchives.org/OAI/2.0/ http://www.openarchives.org/OAI/2.0/OAI-PMH.xsd"><responseDate>2026-05-14T20:17:03Z</responseDate><request verb="GetRecord" identifier="oai:gredos.usal.es:10366/36070" metadataPrefix="marc">https://gredos.usal.es/oai/request</request><GetRecord><record><header><identifier>oai:gredos.usal.es:10366/36070</identifier><datestamp>2025-04-30T18:39:36Z</datestamp><setSpec>com_10366_2493</setSpec><setSpec>com_10366_2408</setSpec><setSpec>com_10366_2407</setSpec><setSpec>com_10366_1</setSpec><setSpec>col_10366_2516</setSpec></header><metadata><record xmlns="http://www.loc.gov/MARC21/slim" xmlns:doc="http://www.lyncode.com/xoai" xmlns:xsi="http://www.w3.org/2001/XMLSchema-instance" xmlns:dcterms="http://purl.org/dc/terms/" xsi:schemaLocation="http://www.loc.gov/MARC21/slim http://www.loc.gov/standards/marcxml/schema/MARC21slim.xsd">
<leader>00925njm 22002777a 4500</leader>
<datafield tag="042" ind1=" " ind2=" ">
<subfield code="a">dc</subfield>
</datafield>
<datafield tag="720" ind1=" " ind2=" ">
<subfield code="a">García Rico, Eduardo, 1931-</subfield>
<subfield code="e">author</subfield>
</datafield>
<datafield tag="260" ind1=" " ind2=" ">
<subfield code="c">1964-06-06</subfield>
</datafield>
<datafield tag="024" ind2=" " ind1="8">
<subfield code="a">Triunfo. Año XIX, n. 105 (6 jun. 1964),p. 68</subfield>
</datafield>
<datafield tag="024" ind2=" " ind1="8">
<subfield code="a">http://hdl.handle.net/10366/36070</subfield>
</datafield>
<datafield ind1=" " ind2=" " tag="653">
<subfield code="a">Cine</subfield>
</datafield>
<datafield ind1=" " ind2=" " tag="653">
<subfield code="a">Festivales cinematográficos</subfield>
</datafield>
<datafield ind1=" " ind2=" " tag="653">
<subfield code="a">Festival Internacional de Cine de San Sebastián (España)</subfield>
</datafield>
<datafield tag="245" ind1="0" ind2="0">
<subfield code="a">San Sebastián, 64</subfield>
</datafield>
</record></metadata></record></GetRecord></OAI-PMH>